Quarterly Staff Update (Record no. 118867)

MARC details
000 -LEADER
fixed length control field 00956cas a22002535a 4500
001 - CONTROL NUMBER
control field L135362
008 - FIXED-LENGTH DATA ELEMENTS--GENERAL INFORMATION
fixed length control field 061020c2005 xxkqr p 0 a0eng u
035 ## - SYSTEM CONTROL NUMBER
System control number (Sirsi) u135362
041 0# - LANGUAGE CODE
Language code of text/sound track or separate title eng
110 2# - MAIN ENTRY--CORPORATE NAME
Corporate name or jurisdiction name as entry element Royal Institution of Chartered Surveyors
9 (RLIN) 4900
240 ## - UNIFORM TITLE
Uniform title QSU
245 00 - TITLE STATEMENT
Title Quarterly Staff Update
260 ## - PUBLICATION, DISTRIBUTION, ETC.
Place of publication, distribution, etc. London
Name of publisher, distributor, etc. RICS
Date of publication, distribution, etc. 2005-
362 0# - DATES OF PUBLICATION AND/OR SEQUENTIAL DESIGNATION
Dates of publication and/or sequential designation November 2005-
520 ## - SUMMARY, ETC.
Summary, etc. Quaterly update for RICS staff including the "RICS Quarterly Operational Performance Report".
520 ## - SUMMARY, ETC.
Summary, etc. This item is held for archive purposes only and is not currently available to view.
554 ## -
-- Four per year
650 24 - SUBJECT ADDED ENTRY--TOPICAL TERM
Topical term or geographic name entry element RICS QUARTERLY STAFF UPDATE
650 24 - SUBJECT ADDED ENTRY--TOPICAL TERM
Topical term or geographic name entry element RICS QUARTERLY OPERATIONAL PERFORMANCE REPORT
651 #4 - SUBJECT ADDED ENTRY--GEOGRAPHIC NAME
Geographic name International
690 ## - LOCAL SUBJECT ADDED ENTRY--TOPICAL TERM (OCLC, RLIN)
Topical term or geographic name as entry element ABOUT RICS
856 41 - ELECTRONIC LOCATION AND ACCESS
Uniform Resource Identifier <a href="https://one/rics_home/rics_toolkit/businessinformation/internalcommunications.htm">https://one/rics_home/rics_toolkit/businessinformation/internalcommunications.htm</a>
Public note RICS staff can view the reports online by following this link...
942 ## - ADDED ENTRY ELEMENTS (KOHA)
Suppress in OPAC 0
Holdings
Withdrawn status Lost status Source of classification or shelving scheme Damaged status Not for loan Home library Current library Shelving location Date acquired Total Checkouts Full call number Barcode Date last seen Price effective from Koha item type
    Dewey Decimal Classification     London London Gallery 20/10/2006   QUARTERLY STAFF UPDATE 135362-1001 06/08/2019 06/08/2019 Journal